| 000 | 01823nam0a22003131 4500 | ||
|---|---|---|---|
| 001 | rc\2213025 | ||
| 005 | 20110829170214.1 | ||
| 035 | _a(NLR Aleph) 006488301 | ||
| 090 |
_a6105591 _c6105591 |
||
| 100 | _a20110829d1979 |||y0rusy50 ca | ||
| 101 | 0 | _arus | |
| 102 | _aRU | ||
| 105 | _ay z ||||| | ||
| 200 | 1 |
_aПрименение экономико-математических методов и вычислительной техники в материально-техническом снабжении Германской Демократической Республики _fД. э. н. О.Д. Проценко, к. э. н. С.Л. Новикова, к. т. н. Д.М. Кодуа, Т.Н. Чубинишвили _g[Науч. ред. к. э. н. Э.Е. Кубрин] |
|
| 210 |
_aМосква _cЦНИИТЭИМС _d1979 |
||
| 215 |
_a38 с. _d21 |
||
| 225 | 1 |
_aМатериально-техническое снабжение _hСерия 4 _iПрименение математических методов, вычислительной техники и оргтехники в материально-техническом снабжении _eОбзор. информ. _fЦНИИ информ. и техн.-экон. исслед. по материал.-техн. снабжению _vВып. 6 |
|
| 300 | _aВ надзаг. также: Гос. ком. СССР по материал.-техн. снабжению | ||
| 320 | _aБиблиогр.: с. 38 | ||
| 701 | 1 |
_aКодуа _bД. М. |
|
| 701 | 1 |
_aЧубинишвили _bТ. Н. |
|
| 701 | 1 |
_aНовикова _bС. Л. |
|
| 701 | 1 |
_aПроценко _bО. Д. _gОлег Дмитриевич |
|
| 702 | 1 |
_aКубрин _bЭ. Е. _4340 |
|
| 801 | 0 |
_aRU _bNLR _gpsbo |
|
| 801 | 1 |
_aRU _bELAR _2rusmarc |
|
| 852 |
_aNLR _jП22/4755 |
||
| 942 | _cBOOK | ||
| 980 | _aNB | ||